Domus : 1950-1954 (Record no. 14405)
[ view plain ]
| 000 -LEADER | |
|---|---|
| fixed length control field | 00385nam a2200157Ia 4500 |
| 008 - FIXED-LENGTH DATA ELEMENTS--GENERAL INFORMATION | |
| fixed length control field | 220803s9999 xx 000 0 und d |
| 020 ## - INTERNATIONAL STANDARD BOOK NUMBER | |
| International Standard Book Number | 978-3-8365-0953-4 |
| 041 ## - LANGUAGE CODE | |
| Language code of text/sound track or separate title | eng |
| 082 ## - DEWEY DECIMAL CLASSIFICATION NUMBER | |
| Classification number | 728 CHA/FIE |
| 100 ## - MAIN ENTRY--PERSONAL NAME | |
| Personal name | Charlotte Ed. |
| 9 (RLIN) | 22049 |
| 245 ## - TITLE STATEMENT | |
| Title | Domus : 1950-1954 |
| 260 ## - PUBLICATION, DISTRIBUTION, ETC. (IMPRINT) | |
| Place of publication, distribution, etc. | Koln |
| Name of publisher, distributor, etc. | Taschen |
| Date of publication, distribution, etc. | 2006 |
| 300 ## - PHYSICAL DESCRIPTION | |
| Extent | 580p |
| 650 ## - SUBJECT ADDED ENTRY--TOPICAL TERM | |
| Topical term or geographic name as entry element | Housing |
| 9 (RLIN) | 22050 |
| 700 ## - ADDED ENTRY--PERSONAL NAME | |
| Personal name | Fiell P Ed. |
| 9 (RLIN) | 22051 |
| Withdrawn status | Lost status | Damaged status | Not for loan | Collection code | Home library | Current library | Shelving location | Date acquired | Vendor | Cost, normal purchase price | Full call number | Barcode | Date last seen | Cost, replacement price | Bill Date | Koha item type | Original Barcode |
|---|---|---|---|---|---|---|---|---|---|---|---|---|---|---|---|---|---|
| Book of B Arch | Dr. Bhanuben Nanavati College of Architecture | Dr. Bhanuben Nanavati College of Architecture | 25/03/2011 | Book Company | 2083.00 | 728 CHA/FIE | BNCA-BK-7332 | 03/08/2022 | 3333.00 | 25/03/2011 | Reference book | B007332 |